| 000 | 00678nam a22002417a 4500 | ||
|---|---|---|---|
| 003 | UA-OsUOA | ||
| 001 | 32989 | ||
| 007 | ta | ||
| 008 | 20050228b un ||||| |||| 00| 0 ukr d | ||
| 100 | _aДобровольський Л.М. | ||
| 090 |
_a002 _bД56 |
||
| 942 | _cBK | ||
| 040 |
_aUA-OsUOA _bukr _cUA-OsUOA _dUA-OsUOA |
||
| 245 |
_aЗапрещенная книга в России 182-1904 _bАрхивно-библиографические разыскания |
||
| 300 | _a245 С. | ||
| 955 | _a0 | ||
| 041 | _aukr | ||
| 080 | _a002 | ||
| 260 |
_aМ. _bВсесоюзной книжной палаты _c1962 |
||
| 044 | _aUA | ||
| 650 | 7 | _2UDC | |
| 999 |
_c319445 _d319445 |
||